000 nam a22 7a 4500
999 _c128870
_d128870
008 190131b xxu||||| |||| 00| 0 eng d
050 _aDT2999.N78 A3
100 _aNorman, Denis
_944299
245 _aThe odd man in
_bMugabe's white-hand man
_cDenis Morman
260 _aHarare
_bWeaver Press
_c2018
300 _axx, 234p. ;
_c21cm.
600 _aNorman, Denis
_944299
651 _aZimbabwe
_xPolitics
_y1980-
_943106
942 _2lcc
_cMONOGRAPH